Beatles và triết thuyết của nó /
Zapisane w:
| 1. autor: | |
|---|---|
| Format: | Nieznany |
| Język: | English |
| Wydane: |
1993.
|
| Hasła przedmiotowe: | |
| Etykiety: |
Dodaj etykietę
Nie ma etykietki, Dołącz pierwszą etykiete!
|
| Thư viện lưu trữ: | Mạng thư viện Đại học Đà Nẵng |
|---|
| LEADER | 01097na a2200325 4500 | ||
|---|---|---|---|
| 001 | 000031185 | ||
| 003 | 5717 | ||
| 005 | 20230222103358.0 | ||
| 008 | 151001s1993 000 eng | ||
| 040 | |a LNN | ||
| 041 | |a eng | ||
| 082 | |a 420.2 |b NG-T | ||
| 100 | |a Nguyễn Thanh Thương | ||
| 245 | 0 | |a Beatles và triết thuyết của nó / |c Nguyễn Thanh Thương. | |
| 260 | |c 1993. | ||
| 300 | |a 80tr. : mh ; 30cm. | ||
| 650 | |a Beatles và triết thuyết của nó, 1993, Nguyễn Thanh Thương | ||
| 852 | |c Luận văn sinh viên | ||
| OWN | |a LNN | ||
| AVA | |a UDN50 |b LNN |c English |d 420.2 NG-T |e available |t Error 5001 Not defined in file expand_doc_bib_avail. |f 1 |g 0 |h N |i 0 |j AN |k 1 | ||
| 999 | |a From the UDN01 | ||
| AVA | |a UDN50 |b LNN |c English |d 420.2 NG-T |e available |t Error 5001 Not defined in file expand_doc_bib_avail. |f 1 |g 0 |h N |i 0 |j AN |k 1 | ||
| TYP | |a Printed language | ||
| 980 | |a Mạng thư viện Đại học Đà Nẵng | ||